Statistics for Countries Bordering Romania Since 1866

Click here to take the quiz!

General Stats

  • This quiz has been taken 121 times
  • The average score is 12 of 13

Answer Stats

DatesCountry% Correct
1878 -Bulgaria
100%
1991 -Ukraine
100%
1991 -Moldova
98%
1866 - 1919, 2006 -Serbia
97%
1919 -Hungary
96%
1922 - 1941, 1943 - 1991Soviet Union
94%
1919 - 2003Yugoslavia
91%
1866 - 1919Austria-Hungary
90%
1941 - 1943Germany
90%
1866 - 1922Russia
90%
1866 - 1878Ottoman Empire
82%
1919 - 1939Poland
80%
1919 - 1939Czechoslovakia
73%

Score Distribution

Percentile by Number Answered

Percent of People with Each Score

Your Score History

You have not taken this quiz